000 00520 a2200169 4500
001 131885
003 OSt
005 20211005152857.0
008
082 _a302.2309548
_bJ37M
100 1 _aJeffery, Robin
245 1 _aMedia and modernity
_cby Robin Jeffery
260 _aRanikhet
_bPermanent Black
_c2010
300 _a300p.
690 _aMass media--Political aspects; Mass media--Social aspects; Women in development; India--Kerala; Communism and mass media
942 _2ddc
_cBK
999 _c6281
_d6281